<?xml version="1.0" encoding="UTF-8"?>
<record
    xmlns:xsi="http://www.w3.org/2001/XMLSchema-instance"
    xsi:schemaLocation="http://www.loc.gov/MARC21/slim http://www.loc.gov/standards/marcxml/schema/MARC21slim.xsd"
    xmlns="http://www.loc.gov/MARC21/slim">

  <leader>01840    a2200229   4500</leader>
  <controlfield tag="001">40730</controlfield>
  <controlfield tag="005">20260407155702.0</controlfield>
  <controlfield tag="008">260407a2015    arg                 spa d</controlfield>
  <controlfield tag="003">AR-UNSa-BCEJYS</controlfield>
  <datafield tag="040" ind1=" " ind2=" ">
    <subfield code="a">AR-UNSa-BCEJYS</subfield>
    <subfield code="b">spa</subfield>
    <subfield code="c">AR-UNSa-BCEJYS</subfield>
  </datafield>
  <datafield tag="080" ind1=" " ind2=" ">
    <subfield code="a">330.101.541</subfield>
    <subfield code="x">Macroeconom&#xED;a</subfield>
  </datafield>
  <datafield tag="245" ind1="1" ind2="0">
    <subfield code="a">Modern macroeconomics</subfield>
  </datafield>
  <datafield tag="020" ind1=" " ind2=" ">
    <subfield code="a">978-0-262-02937-7</subfield>
  </datafield>
  <datafield tag="264" ind1=" " ind2="1">
    <subfield code="a">Cambridge :</subfield>
    <subfield code="b">The MIT Press</subfield>
    <subfield code="c">2015</subfield>
  </datafield>
  <datafield tag="300" ind1=" " ind2=" ">
    <subfield code="a">xv, 531 p.</subfield>
    <subfield code="c">23 cm.</subfield>
  </datafield>
  <datafield tag="505" ind1=" " ind2=" ">
    <subfield code="a">1. Microeconomics of consumer theory - 2. Static consumption-labor framework - 3. Dynamic consumption-savings framework - 4. Inflation and interest rates in the consumption-savings framework - 5. Dynamic consumption-labor framework - 6. Firms - 7. Intertemporal fiscal policy - 8. Infinite-period framework and introduction to asset pricing - 9. Shocks - 10. History of macroeconomics - 11. Supply-side economics - 12. The Phillips curve - 13. New Keynesian economics - 14. Real business cycle theory - 15. Monetary policy in the intertemporal framework -  16. Monetary-fiscal interactions - 17. Optimal monetary policy - 18. Economic efficiency - 19. Optimal fiscal policy - 20. Optimal fiscal and monetary policy - 21. Financial accelerator and role of regulatory policy - 22. Monopolistic competition : the Dixit-Stiglitz framework - 23. A new Keynesian view of sticky prices : the Rotemberg framework -  24. Optimal monetary policy with sticky prices - 25. Solow growth framework - 26. Neoclassical growth - 27. Search, unemployment, and vacancies - 28. Matching equilibrium - 29. Long-lasting jobs - 30. Open-economy trade - 31. Fiscal theory of exchange rates</subfield>
  </datafield>
  <datafield tag="041" ind1=" " ind2=" ">
    <subfield code="a">spa</subfield>
  </datafield>
  <datafield tag="942" ind1=" " ind2=" ">
    <subfield code="c">BK</subfield>
  </datafield>
  <datafield tag="590" ind1=" " ind2=" ">
    <subfield code="a">niveau_biblio:m niveau_hierar:0</subfield>
  </datafield>
  <datafield tag="100" ind1="1" ind2=" ">
    <subfield code="a">Chug, Sanjay K.</subfield>
  </datafield>
  <datafield tag="856" ind1="4" ind2="1">
    <subfield code="u">https://biblioeco.unsa.edu.ar/pmb/images/libros/L126244.jpg</subfield>
    <subfield code="y">Imagen de portada</subfield>
    <subfield code="q">image/jpeg</subfield>
  </datafield>
  <datafield tag="999" ind1=" " ind2=" ">
    <subfield code="c">3296</subfield>
    <subfield code="d">3296</subfield>
  </datafield>
  <datafield tag="952" ind1=" " ind2=" ">
    <subfield code="0">0</subfield>
    <subfield code="1">0</subfield>
    <subfield code="4">0</subfield>
    <subfield code="7">0</subfield>
    <subfield code="a">BCEJYS</subfield>
    <subfield code="b">BCEJYS</subfield>
    <subfield code="c">16</subfield>
    <subfield code="d">2026-04-07</subfield>
    <subfield code="l">0</subfield>
    <subfield code="o">330.101.541 C559</subfield>
    <subfield code="p">L126244</subfield>
    <subfield code="r">2026-04-07 15:57:02</subfield>
    <subfield code="w">2026-04-07</subfield>
    <subfield code="y">L</subfield>
  </datafield>
</record>
